000
00309pab a2200121 454500
008
180718b xxu||||| |||| 00| 0 eng d
100
_a
Dimonte Darryl
245
_a
The expanding city: equity with efficiency
362
_a
5 Nov 93, p.8
650
_a
Cities and Towns
773
_a
Times of India
909
_a
25750
999
_c
25750
_d
25750